|
|
|
|
| LEADER |
00000nam a2200000 a 4500 |
| 001 |
vtls001217689 |
| 003 |
SK-MaSNL |
| 005 |
20260301092351.0 |
| 008 |
180814s1978 xo a 0 slo |
| 020 |
|
|
|c 3,00
|
| 035 |
|
|
|a SNK000160897
|
| 040 |
|
|
|a SNK
|b slo
|c SNK
|e AACR2
|
| 041 |
0 |
|
|a slo
|
| 044 |
|
|
|a xo
|c SK
|
| 080 |
|
|
|a 792.5
|2 1981
|
| 110 |
2 |
|
|a Štátna opera Banská Bystrica
|4 aut
|9 32008
|
| 245 |
1 |
|
|a Franz von Suppé: Boccaccio
|b veľká opereta v troch dejstvách, premiéra v opere DJGT v Banskej Bystrici 16. decembra 1978
|
| 260 |
|
|
|a Banská Bystrica
|b Divadlo Jozefa Gregora Tajovského
|c 1978
|
| 300 |
|
|
|a [16] s.
|c 24 cm
|
| 650 |
0 |
7 |
|a programy divadelné
|x opereta
|2 SNK
|9 423108
|
| 958 |
|
|
|a OND
|
| 999 |
|
|
|c 673770
|d 675700
|
| 952 |
|
|
|t P60, <03>, [BOOK], {603}
|a SNK
|b SNK
|y PREZ
|7 0
|o snkOSC 18537
|i snkK 633/96
|0 0
|1 0
|4 0
|d 1996-06-05
|l 0
|r 2005-01-01 00:00:00
|w 2026-02-23
|